COVID-19, sustainable development challenges of Latin America and the Caribbean, and the potential engines for an SDGs-based recovery (Record no. 5224)

MARC details
000 -CABECERA
campo de control de longitud fija 03120nam a22003017a 4500
003 - IDENTIFICADOR DEL NÚMERO DE CONTROL
campo de control OSt
005 - FECHA Y HORA DE LA ÚLTIMA TRANSACCIÓN
campo de control 20260515115904.0
008 - DATOS DE LONGITUD FIJA--INFORMACIÓN GENERAL
campo de control de longitud fija 260121b |||||||| |||| 00| 0 eng d
022 ## - NÚMERO INTERNACIONAL NORMALIZADO PARA PUBLICACIONES SERIADAS
Número Internacional Normalizado para Publicaciones Seriadas 1536-5433
022 ## - NÚMERO INTERNACIONAL NORMALIZADO PARA PUBLICACIONES SERIADAS
Número Internacional Normalizado para Publicaciones Seriadas 1558-0946
040 ## - FUENTE DE LA CATALOGACIÓN
Centro catalogador/agencia de origen TBS
Lengua de catalogación EN
Centro/agencia transcriptor TBS
041 ## - CÓDIGO DE LENGUA
Código de lengua del texto/banda sonora o título independiente eng
100 ## - ENTRADA PRINCIPAL--NOMBRE DE PERSONA
Nombre de persona Gonzalez-Perez, Maria Alejandra
9 (RLIN) 14128
Término indicativo de función/relación author
245 ## - MENCIÓN DE TÍTULO
Título COVID-19, sustainable development challenges of Latin America and the Caribbean, and the potential engines for an SDGs-based recovery
Mención de responsabilidad, etc. / Maria Alejandra Gonzalez-Perez, Mahmoud Mohieldin, G. Tomas M. Hult, Juan Velez-Ocampo.
260 ## - PUBLICACIÓN, DISTRIBUCIÓN, ETC.
Nombre del editor, distribuidor, etc. Management Research: Journal of the Iberoamerican Academy of Management,
Fecha de publicación, distribución, etc. 2021.
300 ## - DESCRIPCIÓN FÍSICA
Extensión 22-37 pages.
362 ## - FECHAS DE PUBLICACIÓN Y/O DESIGNACIÓN SECUENCIAL
Fecha de publicación y/o designación secuencial Management research, 2021-05, Vol.19 (1), p.22-37
520 ## - SUMARIO, ETC.
Sumario, etc. Purpose: The purpose of this study is to examine the impact of COVID-19 on the Latin America and the Caribbean (LAC) region and to discuss imperative engines for potential regional recovery.<br/>Design/methodology/approach: This study conceptually discusses the effects of COVID-19 on the LAC region and highlights potential areas for recovery.<br/>Findings: The LAC region have a history of facing structural development challenges – due to digital inequality, environmental degradation, erosion of democracy and financial debt – which have led to a profound discontent among people in the LAC region and this dissatisfaction has been intensified by the crises stemming from the COVID-19 pandemic. LAC region can increase its resilience and recover its path to sustainable development by consolidating impact-based regional value chains, attracting sustainability-themed foreign direct investment and nurturing structural development to facilitate LAC companies to expand into international markets (“multilatinas”).<br/>Research limitations/implications: There are some preliminary studies on the economic and social impact of COVID-19 on the LAC region, however, the strategies that emerging and developing economies might pursue to promptly recover are still a matter of discussion. The uncertainty and heterogeneity of the developing and emerging economies and the multidimensional needed actions require local adaptations and adjustments.<br/>Originality/value: The LAC COVID-19 crisis recovery requires shared responsibility, global solidarity, urgent and immediate cooperation and structural transformations to enable deeper regional integration. This integration should focus on impact-based value chains to be resiliently adaptable to changing global realities and arduous local contexts. This paper provides integrative avenues for potential regional recovery within the region.
630 #0 - PUNTO DE ACCESO ADICIONAL DE MATERIA--TÍTULO UNIFORME
Título uniforme MSc International Business
9 (RLIN) 26977
650 #0 - PUNTO DE ACCESO ADICIONAL DE MATERIA--TÉRMINO DE MATERIA
Término de materia o nombre geográfico como elemento de entrada Regional value chains
9 (RLIN) 26998
650 #0 - PUNTO DE ACCESO ADICIONAL DE MATERIA--TÉRMINO DE MATERIA
Término de materia o nombre geográfico como elemento de entrada SDGs-based recovery
9 (RLIN) 26999
650 #0 - PUNTO DE ACCESO ADICIONAL DE MATERIA--TÉRMINO DE MATERIA
Término de materia o nombre geográfico como elemento de entrada Sustainable recovery
9 (RLIN) 27000
700 ## - ENTRADA AGREGADA--NOMBRE PERSONAL
Nombre de persona Mohieldin, Mahmoud
9 (RLIN) 26995
Término indicativo de función/relación author
700 ## - ENTRADA AGREGADA--NOMBRE PERSONAL
Nombre de persona Hult, G. Tomas M.
9 (RLIN) 26996
Término indicativo de función/relación author
700 ## - ENTRADA AGREGADA--NOMBRE PERSONAL
Nombre de persona Velez-Ocampo, Juan
9 (RLIN) 26997
Término indicativo de función/relación author
856 ## - LOCALIZACIÓN Y ACCESO ELECTRÓNICOS
Identificador Uniforme del Recurso <a href="https://www-emerald-com.hub.tbs-education.fr/mrjiam/article-pdf/19/1/22/2056587/mrjiam-12-2020-1119.pdf">https://www-emerald-com.hub.tbs-education.fr/mrjiam/article-pdf/19/1/22/2056587/mrjiam-12-2020-1119.pdf</a>
942 ## - ELEMENTOS DE ENTRADA AGREGADA (KOHA)
Fuente del sistema de clasificación o colocación Clasificación de Library of Congress
Holdings
Estado de retiro Estado de pérdida Fuente del sistema de clasificación o colocación Estado dañado No para préstamo Código de colección Biblioteca de origen Biblioteca actual Fecha de adquisición Total de préstamos Código de barras Fecha visto por última vez Identificador Uniforme del Recurso Precio válido a partir de Tipo de ítem Koha
    Clasificación de Library of Congress     Core Textbooks TBS Barcelona TBS Barcelona 13/05/2026   5224 13/05/2026 https://www-emerald-com.hub.tbs-education.fr/mrjiam/article-pdf/19/1/22/2056587/mrjiam-12-2020-1119.pdf 13/05/2026 Academic Article

Powered by Koha